| 000 | 00454nam a2200181Ia 4500 | ||
|---|---|---|---|
| 003 | IN-BaIIA | ||
| 008 | 211028s9999 xx 000 0 eng d | ||
| 040 | _cIIA Library | ||
| 080 |
_a550.34 _bBYE |
||
| 100 |
_aByerly, Perry _9494 |
||
| 245 | 0 |
_aSeismology _cPerry Byerly |
|
| 260 |
_aNew York _bPrentice-Hall _c1942 |
||
| 300 | _ax, 256p. | ||
| 650 | _aAstronomy and Astrophysics Thesaurus | ||
| 650 | _aEarth | ||
| 650 |
_aSeismology _9495 |
||
| 942 | _cBK | ||
| 999 |
_c262 _d262 |
||